Introducción a la metafísica
Este libro es la materialización de un curso del semestre de verano de 1935, dictado por Heidegger en la Universidad de Friburgo bajo el mismo título. El propósito es plantear un camino para introducirse en el escabroso mundo de la metafísica, que de algún modo representa, en gran medida, la histori...
محفوظ في:
| المؤلف الرئيسي: | |
|---|---|
| التنسيق: | كتاب |
| اللغة: | Undetermined |
| منشور في: |
San José, Costa Rica
Editorial Estudiantil, Universidad de Costa Rica
1982
|
| الموضوعات: | |
| الوسوم: |
إضافة وسم
لا توجد وسوم, كن أول من يضع وسما على هذه التسجيلة!
|
MARC
| LEADER | 00000nam a2200000Ia 4500 | ||
|---|---|---|---|
| 008 | 170316s9999 xx 000 0 und d | ||
| 040 | |a cru BVZT | ||
| 090 | |a 100 H-13in | ||
| 100 | |a Heidegger, Martín | ||
| 245 | |a Introducción a la metafísica | ||
| 260 | |a San José, Costa Rica | ||
| 260 | |b Editorial Estudiantil, Universidad de Costa Rica | ||
| 260 | |c 1982 | ||
| 300 | |a 194 páginas | ||
| 520 | |a Este libro es la materialización de un curso del semestre de verano de 1935, dictado por Heidegger en la Universidad de Friburgo bajo el mismo título. El propósito es plantear un camino para introducirse en el escabroso mundo de la metafísica, que de algún modo representa, en gran medida, la historia misma de la filosofía. Entre los principales temas que se trabajan está La pregunta fundamental de la metafísica, La gramática y la etimología de la palabra “ser”, La pregunta por la esencia del ser y La delimitación del ser. | ||
| 650 | |a FILOSOFÍA |9 5 | ||
| 999 | |c 16432 |d 16432 | ||
| 942 | |c 15 D |h 100 H-13in |2 z | ||
